| 000 | 00516nam a22001577a 4500 | ||
|---|---|---|---|
| 003 | macl | ||
| 005 | 20230216161150.0 | ||
| 008 | 230216b |||||||| |||| 00| 0 eng d | ||
| 040 | _cmacl | ||
| 082 | _a/SAV | ||
| 100 |
_aसावरकर,विनायक दमोदर _981704 |
||
| 245 | _aकाला पानी | ||
| 260 |
_aनई दिल्ली _bप्रभात प्रकाशन _c2022 |
||
| 650 |
_aगद्यात्मक उपन्यास _962132 |
||
| 942 |
_2ddc _cHIN |
||
| 999 |
_c65862 _d65862 |
||